[Event "SR 2. liga A 2018/2019"]
[Site "?"]
[Date "2018.11.17"]
[Round "3.7"]
[White "Manak, Adrian"]
[Black "Mandak, Miroslav"]
[Result "1/2-1/2"]
[WhiteElo "1949"]
[BlackElo "2013"]
[PlyCount "97"]
[EventDate "2018.??.??"]
[WhiteTeam "SK Kupele Piestany"]
[BlackTeam "SK Krasnany"]

1. e4 c6 2. d4 d5 3. Nc3 dxe4 4. Nxe4 Nd7 5. Nf3 Ngf6 6. Nxf6+ Nxf6 7. Bf4 Bg4
8. c3 Qb6 9. Qb3 Bxf3 10. Qxb6 axb6 11. gxf3 b5 12. a3 e6 13. O-O-O Be7 14. Kc2
Nd5 15. Be3 g5 16. Bd3 Kd7 17. Rhg1 h6 18. Rde1 Bd6 19. h3 Rae8 20. Bd2 Bf4 21.
Be3 f5 22. Kb3 Re7 23. Re2 Rhe8 24. Rge1 Rf8 25. Kc2 Rg7 26. c4 bxc4 27. Bxc4
Bd6 28. Bxd5 exd5 29. Bd2 Re7 30. Rxe7+ Bxe7 31. Kd3 Rf6 32. Be3 Re6 33. Rc1
Bd6 34. b4 Re8 35. Rb1 Ra8 36. Bc1 Be7 37. Bb2 Bf6 38. Rc1 Be7 39. Re1 Bd6 40.
Bc1 Rg8 41. Rg1 f4 42. h4 Ke6 43. hxg5 hxg5 44. Rh1 Be7 45. Rh7 Ra8 46. Rh6+
Kd7 47. Rh7 Ke6 48. Rh6+ Bf6 49. Rh7 1/2-1/2

[Event "SR 2. liga A 2018/2019"]
[Site "?"]
[Date "2018.11.17"]
[Round "3.8"]
[White "Zacik, Anton"]
[Black "Podjavorinsky, Michal"]
[Result "1/2-1/2"]
[WhiteElo "1919"]
[BlackElo "1910"]
[PlyCount "43"]
[EventDate "2018.??.??"]
[WhiteTeam "SK Krasnany"]
[BlackTeam "SK Kupele Piestany"]

1. e4 c5 2. d4 cxd4 3. c3 dxc3 4. Nxc3 d6 5. Nf3 Nc6 6. Bc4 Nf6 7. O-O e6 8.
Qe2 Be7 9. Rd1 Bd7 10. Bf4 e5 11. Bg5 Bg4 12. Bxf6 Bxf6 13. Nb5 Be7 14. Qd3 a6
15. Nxd6+ Bxd6 16. Qxd6 Qxd6 17. Rxd6 Bxf3 18. gxf3 Ke7 19. Rad1 Rhd8 20. Rxd8
Rxd8 21. Rxd8 Nxd8 22. Bd5 1/2-1/2

[Event "SR 2. liga A 2018/2019"]
[Site "?"]
[Date "2018.11.17"]
[Round "3.1"]
[White "Sosna, Jan"]
[Black "Sahidi, Samir"]
[Result "0-1"]
[WhiteElo "2352"]
[BlackElo "2309"]
[PlyCount "140"]
[EventDate "2018.??.??"]
[WhiteTeam "SK Skalica"]
[BlackTeam "SK Doprastav"]

1. d4 Nf6 2. Nf3 d5 3. Bf4 c5 4. e3 cxd4 5. exd4 Bg4 6. Nbd2 e6 7. h3 Bh5 8.
Bxb8 Qxb8 9. Bb5+ Kd8 10. O-O Bd6 11. Qe1 Qc7 12. Bd3 Bxf3 13. Nxf3 Ke7 14. Ne5
Qb6 15. c3 Bxe5 16. Qxe5 Rhc8 17. Qe2 Qd6 18. f4 Kf8 19. Rf3 Rc7 20. Raf1 g6
21. g4 Rd8 22. Re3 Kg7 23. Rf2 Rb8 24. Re5 b5 25. a3 Rcb7 26. h4 a5 27. h5 b4
28. axb4 axb4 29. hxg6 hxg6 30. f5 exf5 31. gxf5 bxc3 32. bxc3 Rb2 33. Qf3 Rxf2
34. Kxf2 Qc7 35. Bc2 Rb2 36. Re2 Qh2+ 37. Kf1 Qh5 38. Qxh5 Nxh5 39. Ke1 Nf4 40.
Rf2 g5 41. Kd2 Rb8 42. Rh2 Rb6 43. Rh1 Ra6 44. Bb3 Rb6 45. Bc2 Rb8 46. Rh2 Ra8
47. Bb3 Ra1 48. c4 dxc4 49. Bxc4 Ra5 50. Ke3 Rxf5 51. Ke4 Ra5 52. d5 Kf6 53.
Rd2 Ra4 54. Rc2 Ra1 55. Rd2 Ra4 56. Rc2 Ra1 57. Rd2 Re1+ 58. Kf3 Ng6 59. Be2
Rh1 60. Ra2 Rh3+ 61. Ke4 Rh4+ 62. Ke3 Ne7 63. Bf3 Ke5 64. Ra7 Nf5+ 65. Kf2 f6
66. Ra8 Nd6 67. Ra7 Rf4 68. Re7+ Kd4 69. Ke2 g4 70. Bh1 Nf5 0-1

[Event "SR 2. liga A 2018/2019"]
[Site "?"]
[Date "2018.11.17"]
[Round "3.2"]
[White "Vlcek, Stanislav"]
[Black "Kapusta, Petr"]
[Result "1-0"]
[WhiteElo "2272"]
[BlackElo "2238"]
[PlyCount "141"]
[EventDate "2018.??.??"]
[WhiteTeam "SK Doprastav"]
[BlackTeam "SK Skalica"]

1. e4 c5 2. Nf3 d6 3. d4 cxd4 4. Nxd4 Nf6 5. Nc3 a6 6. f4 e5 7. Nf3 Nbd7 8. a4
Be7 9. Bd3 O-O 10. O-O b6 11. Nh4 Nc5 12. Nf5 Bxf5 13. exf5 e4 14. Bc4 Qd7 15.
g4 d5 16. Nxd5 Nxd5 17. Qxd5 Qc7 18. Qe5 Bd6 19. Qc3 Rac8 20. Be3 Rfd8 21. Bd5
Qd7 22. Qc4 h5 23. Qe2 Nxa4 24. c4 b5 25. Kh1 bxc4 26. gxh5 Qxf5 27. Bxc4 Nc5
28. Ra5 Qh3 29. Rg1 Bf8 30. Rg3 Qh4 31. f5 Qf6 32. h6 Qxf5 33. hxg7 Bd6 34. Rg5
Qf3+ 35. Qxf3 exf3 36. Rf5 Ne6 37. b3 Bb4 38. Ra1 Bc3 39. Rf1 Bd4 40. R5xf3
Bxe3 41. Rxe3 Rd6 42. Ref3 Rc7 43. Rg3 a5 44. Rf5 a4 45. Bxe6 Rxe6 46. bxa4
Rc1+ 47. Kg2 Ra1 48. Rxf7 Ra2+ 49. Rf2 Ree2 50. Rxe2 Rxe2+ 51. Kh3 Ra2 52. Rg4
Ra3+ 53. Kh4 Ra2 54. Kg3 Ra3+ 55. Kf2 Ra2+ 56. Ke3 Rxh2 57. Kd4 Rc2 58. Kd5 Rc1
59. Kd6 Rc2 60. a5 Ra2 61. Rg5 Rc2 62. Kd7 Rc1 63. a6 Ra1 64. Rg6 Rc1 65. Kd8
Rc2 66. Rd6 Kxg7 67. a7 Ra2 68. Rd7+ Kf6 69. Kc8 Ke6 70. Rb7 Rh2 71. Rb6+ 1-0

[Event "SR 2. liga A 2018/2019"]
[Site "?"]
[Date "2018.11.17"]
[Round "3.3"]
[White "Koutny, Petr"]
[Black "Cech, Dominik"]
[Result "1-0"]
[WhiteElo "2228"]
[BlackElo "2169"]
[PlyCount "113"]
[EventDate "2018.??.??"]
[WhiteTeam "SK Skalica"]
[BlackTeam "SK Doprastav"]

1. e4 e5 2. Nf3 Nc6 3. Nc3 Nf6 4. Bb5 Bb4 5. O-O O-O 6. d3 d6 7. Bg5 Bxc3 8.
bxc3 Qe7 9. Re1 a6 10. Bc4 Na5 11. Bb3 Nxb3 12. axb3 Qe6 13. d4 Nd7 14. Nh4 f6
15. Bc1 Re8 16. f4 exf4 17. Bxf4 Qf7 18. Qd3 b6 19. Nf5 Nf8 20. Ng3 Bb7 21. c4
Rad8 22. Re2 Rd7 23. Nf5 Kh8 24. d5 a5 25. c3 Ng6 26. Bg3 Ne5 27. Bxe5 Rxe5 28.
b4 g6 29. Nh6 Qg7 30. Ng4 Rg5 31. Qf3 axb4 32. h4 Rh5 33. Nxf6 Rf7 34. Nxh5
gxh5 35. Qd3 bxc3 36. Ra3 Qg4 37. Qxc3+ Kg8 38. Qg3 Bc8 39. e5 dxe5 40. Qxg4+
Bxg4 41. Rxe5 Kg7 42. Rae3 Kf6 43. Kf2 c6 44. Ke1 cxd5 45. Rxd5 Rc7 46. Rd6+
Kf5 47. Rd5+ Kf6 48. Rd6+ Kf5 49. Rc3 Ke5 50. Rxb6 Kd4 51. Rc1 Re7+ 52. Kf1
Be2+ 53. Kf2 Bxc4 54. Rb4 Rf7+ 55. Kg3 Rg7+ 56. Kf4 Rg4+ 57. Kf5 1-0

[Event "SR 2. liga A 2018/2019"]
[Site "?"]
[Date "2018.11.17"]
[Round "3.4"]
[White "Polacik, Igor"]
[Black "Berger, Patrik"]
[Result "1-0"]
[WhiteElo "2198"]
[BlackElo "2000"]
[PlyCount "65"]
[EventDate "2018.??.??"]
[WhiteTeam "SK Doprastav"]
[BlackTeam "SK Skalica"]

1. e4 c5 2. Nf3 d6 3. d4 cxd4 4. Nxd4 Nf6 5. Nc3 a6 6. h3 e5 7. Nde2 Be6 8. g4
d5 9. exd5 Nxd5 10. Bg2 Nxc3 11. Qxd8+ Kxd8 12. Nxc3 Nc6 13. Be3 Kc7 14. O-O-O
Be7 15. f4 f6 16. Bd5 Bd7 17. Bc4 Rad8 18. Nd5+ Kc8 19. fxe5 fxe5 20. Nxe7+
Nxe7 21. Bg5 Rde8 22. Rhf1 h6 23. Be3 Rhf8 24. Bf7 Bb5 25. c4 Rxf7 26. Rxf7
Bxc4 27. Rxg7 Nd5 28. Bxh6 e4 29. Rg5 Re6 30. Bg7 Ne3 31. Rc5+ Kb8 32. Rd8+ Ka7
33. Bd4 1-0

[Event "SR 2. liga A 2018/2019"]
[Site "?"]
[Date "2018.11.17"]
[Round "3.5"]
[White "Hudacek, Josef"]
[Black "Petrik, Karol"]
[Result "0-1"]
[WhiteElo "2067"]
[BlackElo "2094"]
[PlyCount "100"]
[EventDate "2018.??.??"]
[WhiteTeam "SK Skalica"]
[BlackTeam "SK Doprastav"]

1. e4 c6 2. d4 g6 3. Bd3 Bg7 4. Ne2 d5 5. e5 c5 6. c3 Nc6 7. O-O Nh6 8. Nd2 O-O
9. h3 cxd4 10. cxd4 Nf5 11. Nf3 Qb6 12. Bc2 Bd7 13. Bb3 e6 14. g4 Nfe7 15. g5
Rac8 16. Ng3 Rc7 17. Ba4 Rfc8 18. b3 Qa6 19. Bxc6 Bxc6 20. Nh2 Bb5 21. Re1 Bd3
22. Ng4 Bf5 23. Nf6+ Kh8 24. h4 Qd3 25. Ba3 Ng8 26. Bd6 Rc6 27. Ba3 h6 28. Rc1
Rxc1 29. Bxc1 Rc2 30. Qxd3 Bxd3 31. a3 Nxf6 32. exf6 Bf8 33. gxh6 Kh7 34. h5
Bxh6 35. hxg6+ Kxg6 36. Bxh6 Kxh6 37. Re3 Bg6 38. Ne2 Kg5 39. Nc3 Kxf6 40. Nb5
a6 41. Nc3 Rd2 42. Ne2 Bh5 43. Nf4 Bg4 44. f3 Bf5 45. Ne2 Bd3 46. Ng3 Kg5 47.
Re1 Kf4 48. Nh5+ Kxf3 49. Nf6 Rg2+ 50. Kh1 Rg3 0-1

[Event "SR 2. liga A 2018/2019"]
[Site "?"]
[Date "2018.11.17"]
[Round "3.6"]
[White "Orosi, Peter"]
[Black "Horak, Ivan"]
[Result "1-0"]
[WhiteElo "2062"]
[BlackElo "1990"]
[PlyCount "87"]
[EventDate "2018.??.??"]
[WhiteTeam "SK Doprastav"]
[BlackTeam "SK Skalica"]

1. d4 d5 2. c4 e6 3. Nc3 Nf6 4. Nf3 Nbd7 5. g3 c6 6. Bg2 Bd6 7. O-O O-O 8. Re1
Re8 9. e4 dxe4 10. Nxe4 Nxe4 11. Rxe4 Be7 12. Bd2 b6 13. Bc3 Bb7 14. Re1 Qc7
15. Qc2 Rac8 16. Rad1 Bf6 17. Bh3 Red8 18. Qe2 Kh8 19. Bd2 Qd6 20. b4 Ba6 21.
a3 Qf8 22. Bf4 Bb7 23. c5 Nb8 24. Qc2 Rd5 25. Bg2 Rd7 26. Bd6 Rxd6 27. cxd6
Qxd6 28. Ne5 Kg8 29. Qb3 Rd8 30. b5 Qc7 31. bxc6 Nxc6 32. Nxc6 Bxc6 33. Rc1 Rd6
34. d5 Bxd5 35. Bxd5 Qd7 36. Bf3 g6 37. Red1 Bd4 38. Qc2 Qb5 39. Qc7 Rd7 40.
Qc6 Qxc6 41. Bxc6 Rd6 42. Kg2 Kg7 43. f4 h5 44. Rc4 1-0

[Event "SR 2. liga A 2018/2019"]
[Site "?"]
[Date "2018.11.17"]
[Round "3.7"]
[White "Londin, Martin"]
[Black "Bednar, Jan"]
[Result "1/2-1/2"]
[WhiteElo "1923"]
[BlackElo "2045"]
[PlyCount "82"]
[EventDate "2018.??.??"]
[WhiteTeam "SK Skalica"]
[BlackTeam "SK Doprastav"]

1. e4 c5 2. Nc3 Nc6 3. Bb5 g6 4. Bxc6 dxc6 5. f4 Bg7 6. Nf3 Nf6 7. d3 b6 8. O-O
O-O 9. Qe1 e6 10. h3 Ne8 11. Rb1 Ba6 12. b3 Nd6 13. Ne2 Nb5 14. Bb2 Nd4 15. c4
Qd6 16. e5 Nxe2+ 17. Qxe2 Qd7 18. Rbd1 Rad8 19. Bc1 Qe7 20. Be3 Rd7 21. Bf2 Ra8
22. Rfe1 Bb7 23. Bh4 Qe8 24. Nd2 a5 25. a4 Qf8 26. Ne4 Rb8 27. Bf6 Rd4 28. Bh4
Bc8 29. Qf2 Rb7 30. Re3 Rbd7 31. Bf6 Ba6 32. Qh4 h6 33. Rd2 b5 34. Qf2 Kh8 35.
Bh4 Kh7 36. Bf6 Kh8 37. Qe2 Bxf6 38. Nxf6 Rd8 39. Ne4 Qe7 40. Qf2 Kg7 41. h4 h5
1/2-1/2

[Event "SR 2. liga A 2018/2019"]
[Site "?"]
[Date "2018.11.17"]
[Round "3.8"]
[White "Valovic, Matus"]
[Black "Lukacova, Veronika"]
[Result "1-0"]
[WhiteElo "1936"]
[BlackElo "1915"]
[PlyCount "85"]
[EventDate "2018.??.??"]
[WhiteTeam "SK Doprastav"]
[BlackTeam "SK Skalica"]

1. Nf3 f5 2. g3 g6 3. Bg2 Nf6 4. O-O Bg7 5. c4 O-O 6. Nc3 d6 7. d4 Na6 8. Re1
c6 9. d5 e5 10. Bg5 h6 11. Bxf6 Qxf6 12. e4 f4 13. Nd2 h5 14. Qc2 Bg4 15. f3
Bd7 16. dxc6 bxc6 17. Rad1 Rf7 18. Nb3 Bf8 19. Na4 c5 20. Nc3 Qg5 21. Qf2 Nc7
22. Nd5 Ne6 23. Bh3 Nd4 24. Bxd7 Rxd7 25. Nxd4 cxd4 26. Kh1 fxg3 27. Qxg3 Qxg3
28. hxg3 Rf7 29. Kg2 Bh6 30. Rd3 Rc8 31. b3 Rcf8 32. Rh1 Be3 33. Nxe3 Rxf3 34.
Rf1 Rxe3 35. Rxf8+ Kxf8 36. Rxe3 dxe3 37. Kf3 e2 38. Kxe2 Ke7 39. g4 Kd7 40.
gxh5 gxh5 41. Kf3 Kc6 42. b4 a5 43. a3 1-0

[Event "SR 2. liga A 2018/2019"]
[Site "?"]
[Date "2018.11.17"]
[Round "3.1"]
[White "Lanc, Alois"]
[Black "Ruckschloss, Karol"]
[Result "1/2-1/2"]
[WhiteElo "2286"]
[BlackElo "2211"]
[PlyCount "31"]
[EventDate "2018.??.??"]
[WhiteTeam "Lokomotiva Trnava"]
[BlackTeam "SK Slovan Bratislava D"]

1. e4 d6 2. d4 Nf6 3. Nc3 g6 4. f4 c6 5. Nf3 Bg7 6. Bd3 Na6 7. a3 Nc7 8. O-O
O-O 9. Qe1 c5 10. dxc5 dxc5 11. f5 gxf5 12. e5 Nfd5 13. Qh4 e6 14. Qh3 f6 15.
Bh6 Bxh6 16. Qxh6 1/2-1/2

[Event "SR 2. liga A 2018/2019"]
[Site "?"]
[Date "2018.11.17"]
[Round "3.2"]
[White "Janos, Martin"]
[Black "Kavon, Rastislav"]
[Result "1-0"]
[WhiteElo "2176"]
[BlackElo "2185"]
[PlyCount "77"]
[EventDate "2018.??.??"]
[WhiteTeam "SK Slovan Bratislava D"]
[BlackTeam "Lokomotiva Trnava"]

1. e4 e5 2. d4 exd4 3. Nf3 Nc6 4. Bc4 Nf6 5. O-O d6 6. Nxd4 Be7 7. Nc3 O-O 8.
Re1 Re8 9. Nxc6 bxc6 10. Bd3 Rb8 11. Qf3 Ng4 12. h3 Ne5 13. Qe3 Nxd3 14. Qxd3
Bf6 15. Rb1 g6 16. Be3 Rb7 17. b3 Bg7 18. Na4 Bd7 19. Rbd1 Qc8 20. c4 Be6 21.
Bd4 Bf8 22. Bb2 Bg7 23. Bxg7 Kxg7 24. e5 d5 25. cxd5 cxd5 26. Qd4 Qb8 27. Qe3
Rb4 28. Rd4 a5 29. Rc1 Bd7 30. Nc5 Bc8 31. a3 Rxd4 32. Qxd4 c6 33. f4 Kg8 34.
Rc3 h5 35. Nd3 Bd7 36. Qc5 Qa8 37. Ne1 Rb8 38. Nf3 Rb5 39. Qd6 1-0

[Event "SR 2. liga A 2018/2019"]
[Site "?"]
[Date "2018.11.17"]
[Round "3.3"]
[White "Nicolini, Alexander"]
[Black "Ac, Michal"]
[Result "1/2-1/2"]
[WhiteElo "2142"]
[BlackElo "2166"]
[PlyCount "32"]
[EventDate "2018.??.??"]
[WhiteTeam "Lokomotiva Trnava"]
[BlackTeam "SK Slovan Bratislava D"]

1. e4 e5 2. Nf3 Nc6 3. Bc4 Nf6 4. d3 Be7 5. O-O O-O 6. Bb3 d6 7. c3 h6 8. Nbd2
Re8 9. Nc4 Bf8 10. Ne3 Na5 11. Ba4 Bd7 12. b4 Bxa4 13. Qxa4 Nc6 14. Qb3 Qd7 15.
a4 Rad8 16. c4 Ne7 1/2-1/2

[Event "SR 2. liga A 2018/2019"]
[Site "?"]
[Date "2018.11.17"]
[Round "3.4"]
[White "Kolcak, Marek"]
[Black "Kovacocy, Pavel"]
[Result "0-1"]
[WhiteElo "2142"]
[BlackElo "2266"]
[PlyCount "108"]
[EventDate "2018.??.??"]
[WhiteTeam "SK Slovan Bratislava D"]
[BlackTeam "Lokomotiva Trnava"]

1. e4 c5 2. Nf3 g6 3. d4 cxd4 4. Nxd4 Nc6 5. c4 Nf6 6. Nc3 d6 7. Be2 Bg7 8. Be3
O-O 9. O-O Nxd4 10. Bxd4 Bd7 11. f4 Bc6 12. Bf3 Nd7 13. Bxg7 Kxg7 14. Qd4+ f6
15. Bg4 Qb6 16. Qxb6 Nxb6 17. Be6 Bd7 18. Bxd7 Nxd7 19. Nd5 Rac8 20. b3 Kf7 21.
Rad1 Ke8 22. Kf2 f5 23. Rfe1 Rf7 24. exf5 gxf5 25. Re3 Nf6 26. Nxf6+ Rxf6 27.
Rde1 Rc7 28. Rg3 Kf7 29. h3 a5 30. Rge3 Rg6 31. Rd3 Rc5 32. Rde3 e6 33. Rd3 Ke7
34. Red1 Rc6 35. a3 Rg8 36. c5 Rxc5 37. Rxd6 Rc2+ 38. R1d2 Rxd2+ 39. Rxd2 Rc8
40. Rd3 Rc2+ 41. Kf3 h5 42. g3 b5 43. Ke3 Ra2 44. b4 axb4 45. axb4 Rb2 46. Rd4
h4 47. g4 fxg4 48. hxg4 h3 49. Rd1 Rxb4 50. Rh1 Rb2 51. Kd4 h2 52. Kc3 Rg2 53.
f5 exf5 54. gxf5 Kf6 0-1

[Event "SR 2. liga A 2018/2019"]
[Site "?"]
[Date "2018.11.17"]
[Round "3.5"]
[White "Arendas, Marek"]
[Black "Janos, Jozef"]
[Result "1/2-1/2"]
[WhiteElo "2113"]
[BlackElo "2142"]
[PlyCount "22"]
[EventDate "2018.??.??"]
[WhiteTeam "Lokomotiva Trnava"]
[BlackTeam "SK Slovan Bratislava D"]

1. e4 c5 2. Nf3 d6 3. d4 cxd4 4. Nxd4 Nf6 5. Nc3 a6 6. g3 g6 7. Bg2 Bg7 8. O-O
O-O 9. Bg5 h6 10. Bd2 e5 11. Nb3 Nc6 1/2-1/2

[Event "SR 2. liga A 2018/2019"]
[Site "?"]
[Date "2018.11.17"]
[Round "3.6"]
[White "Fabry, Robert"]
[Black "Veselsky, Jozef"]
[Result "0-1"]
[WhiteElo "2105"]
[BlackElo "2141"]
[PlyCount "84"]
[EventDate "2018.??.??"]
[WhiteTeam "SK Slovan Bratislava D"]
[BlackTeam "Lokomotiva Trnava"]

1. e4 c5 2. Nf3 Nc6 3. d4 cxd4 4. Nxd4 g6 5. Be2 Bg7 6. Be3 Nf6 7. Nc3 O-O 8.
O-O d5 9. exd5 Nxd5 10. Nxd5 Qxd5 11. Bf3 Qc4 12. Nxc6 bxc6 13. Qc1 Be6 14. Re1
Rab8 15. c3 Rb7 16. Be2 Qa4 17. b3 Qa5 18. b4 Qa4 19. Bd1 Qb5 20. Bh6 a5 21.
Bxg7 Kxg7 22. a3 Ra8 23. Qf4 Qf5 24. Qxf5 gxf5 25. Bf3 Bd5 26. Bxd5 cxd5 27.
Rad1 e6 28. g4 axb4 29. axb4 fxg4 30. c4 dxc4 31. Rd4 Rxb4 32. Rxg4+ Kf8 33.
Rc1 Rc8 34. Kg2 Ke7 35. Rc3 Kd6 36. Re4 Kd5 37. Ree3 Rcb8 38. Kf1 Rb3 39. Ke2
Rxc3 40. Rxc3 Kd4 41. Rf3 f5 42. Rf4+ Kc3 0-1

[Event "SR 2. liga A 2018/2019"]
[Site "?"]
[Date "2018.11.17"]
[Round "3.7"]
[White "Puchart, Vladimir"]
[Black "Kolman, Richard"]
[Result "0-1"]
[WhiteElo "2046"]
[BlackElo "1970"]
[PlyCount "94"]
[EventDate "2018.??.??"]
[WhiteTeam "Lokomotiva Trnava"]
[BlackTeam "SK Slovan Bratislava D"]

1. d4 d5 2. c4 dxc4 3. Nf3 Nf6 4. Nc3 a6 5. a4 Nc6 6. Bg5 Bf5 7. e3 e6 8. Bxc4
Be7 9. O-O O-O 10. Qe2 Ne4 11. Bf4 Bd6 12. Bxd6 Qxd6 13. Nxe4 Bxe4 14. Ng5 Bg6
15. f4 h6 16. Nf3 Be4 17. g4 Ne7 18. Rac1 c6 19. Ne5 Rad8 20. Rfd1 Nd5 21. Nd3
b6 22. Bxa6 Ne7 23. Ne5 f6 24. Nd3 Ra8 25. Nf2 Bd5 26. Rc3 Qb4 27. Bc4 Qxa4 28.
Rdc1 Rfc8 29. b3 Qb4 30. Qc2 Qd6 31. Bxd5 cxd5 32. Rxc8+ Rxc8 33. Qb1 Rxc1+ 34.
Qxc1 Qc6 35. Qb2 Qb5 36. Qc3 Qe2 37. Qc7 Kf7 38. Qc3 Ng6 39. Qc7+ Kg8 40. Qc8+
Kh7 41. Qc3 f5 42. gxf5 exf5 43. Qd3 Qe1+ 44. Kg2 Nh4+ 45. Kg3 Qg1+ 46. Kxh4
Qxf2+ 47. Kh3 Qf3+ 0-1

[Event "SR 2. liga A 2018/2019"]
[Site "?"]
[Date "2018.11.17"]
[Round "3.8"]
[White "Mikulas, Dusan"]
[Black "Sturdik, Igor"]
[Result "1/2-1/2"]
[WhiteElo "2000"]
[BlackElo "1955"]
[PlyCount "73"]
[EventDate "2018.??.??"]
[WhiteTeam "SK Slovan Bratislava D"]
[BlackTeam "Lokomotiva Trnava"]

1. e4 Nf6 2. e5 Nd5 3. d4 d6 4. c4 Nb6 5. exd6 exd6 6. Nc3 Be7 7. h3 O-O 8. Nf3
Bf5 9. Bd3 Qd7 10. O-O Nc6 11. Be3 Bf6 12. Qc2 Bxd3 13. Qxd3 Rfe8 14. b3 g6 15.
Ne4 Bg7 16. Ng3 d5 17. c5 Nc8 18. Rae1 b6 19. Rc1 Nb4 20. Qd2 Nc6 21. Rc2 b5
22. a3 N8e7 23. Qd3 a6 24. Re1 Nd8 25. Rce2 Nec6 26. Qd2 Ne6 27. Rd1 Re7 28.
Ree1 Rae8 29. Ne2 f6 30. b4 Ncd8 31. h4 Nf7 32. h5 gxh5 33. Ng3 Neg5 34. Nxg5
Nxg5 35. Nxh5 Qg4 36. Bxg5 fxg5 37. Rxe7 1/2-1/2

[Event "SR 2. liga A 2018/2019"]
[Site "?"]
[Date "2018.11.17"]
[Round "3.1"]
[White "Farkas, Gabor"]
[Black "Jancovic, Peter"]
[Result "1/2-1/2"]
[WhiteElo "2373"]
[BlackElo "2299"]
[PlyCount "65"]
[EventDate "2018.??.??"]
[WhiteTeam "SK Senec"]
[BlackTeam "SK Slovan Bratislava E"]

1. c4 Nf6 2. Nc3 b6 3. e4 Bb7 4. e5 Ne4 5. Qf3 Nc5 6. Qe3 e6 7. b4 Nca6 8. a3
c5 9. b5 Nc7 10. Ne4 d5 11. exd6 Bxd6 12. Bb2 O-O 13. Nxd6 Qxd6 14. Be5 Qd8 15.
Be2 Nd7 16. Bf3 Nxe5 17. Qxe5 Bxf3 18. Nxf3 a6 19. bxa6 f6 20. Qe3 e5 21. O-O
Ne6 22. Rfb1 Rxa6 23. Rb3 Qa8 24. Rab1 Qc6 25. d3 Rd8 26. g3 Nd4 27. Nxd4 Rxd4
28. f3 Qa8 29. f4 e4 30. dxe4 Rxe4 31. Qd3 Rd4 32. Qe2 Qe4 33. Qxe4 1/2-1/2

[Event "SR 2. liga A 2018/2019"]
[Site "?"]
[Date "2018.11.17"]
[Round "3.2"]
[White "Nestorenko, Dmitry"]
[Black "Balogh, Peter"]
[Result "1/2-1/2"]
[WhiteElo "2195"]
[BlackElo "2277"]
[PlyCount "35"]
[EventDate "2018.??.??"]
[WhiteTeam "SK Slovan Bratislava E"]
[BlackTeam "SK Senec"]

1. e4 e6 2. d4 d5 3. Nd2 c5 4. exd5 Qxd5 5. dxc5 Bxc5 6. Ngf3 Nf6 7. Bc4 Qc6 8.
O-O Nbd7 9. Qe2 a6 10. a4 O-O 11. c3 Qc7 12. Nb3 Bd6 13. Rd1 b6 14. Qd3 Be7 15.
Bg5 Bb7 16. Nbd2 Ne5 17. Nxe5 Qxe5 18. Qg3 1/2-1/2

[Event "SR 2. liga A 2018/2019"]
[Site "?"]
[Date "2018.11.17"]
[Round "3.3"]
[White "Takacs, Laszlo"]
[Black "Turna, Stefan"]
[Result "1-0"]
[WhiteElo "2275"]
[BlackElo "2184"]
[PlyCount "95"]
[EventDate "2018.??.??"]
[WhiteTeam "SK Senec"]
[BlackTeam "SK Slovan Bratislava E"]

1. e4 c5 2. Nf3 d6 3. d4 cxd4 4. Qxd4 Nc6 5. Bb5 Bd7 6. Bxc6 Bxc6 7. c4 Nf6 8.
Nc3 g6 9. Be3 Bg7 10. h3 O-O 11. Qd3 Nd7 12. Nd4 Rc8 13. Rc1 Nc5 14. Qb1 f5 15.
exf5 Bxd4 16. Bxd4 Rxf5 17. O-O Ne6 18. Be3 Nf4 19. Bxf4 Rxf4 20. Qd3 Qb6 21.
Nd5 Bxd5 22. Qxd5+ Rf7 23. b3 Rc5 24. Qd4 a5 25. Rce1 a4 26. Re3 axb3 27. axb3
Qc7 28. Ra1 Ra5 29. Ree1 Qc5 30. Qd2 Rxa1 31. Rxa1 Qe5 32. Ra7 Qe4 33. Qe3 Qxe3
34. fxe3 e6 35. Ra8+ Rf8 36. Rxf8+ Kxf8 37. Kf2 Ke7 38. Kf3 Kf6 39. Ke4 g5 40.
g3 b6 41. Kd4 Ke7 42. e4 Kd7 43. e5 h5 44. exd6 Kxd6 45. b4 e5+ 46. Ke4 Ke6 47.
c5 bxc5 48. bxc5 1-0

[Event "SR 2. liga A 2018/2019"]
[Site "?"]
[Date "2018.11.17"]
[Round "3.4"]
[White "Hacik, Radomir"]
[Black "Gruca, Miroslav"]
[Result "1/2-1/2"]
[WhiteElo "2139"]
[BlackElo "2181"]
[PlyCount "39"]
[EventDate "2018.??.??"]
[WhiteTeam "SK Slovan Bratislava E"]
[BlackTeam "SK Senec"]

1. e4 b6 2. Nc3 Bb7 3. Nf3 e6 4. d3 Bb4 5. Bd2 Ne7 6. a3 Bxc3 7. Bxc3 O-O 8. h4
f5 9. Qe2 Na6 10. O-O-O Nc5 11. exf5 Nxf5 12. Ng5 Na4 13. Be5 Qe7 14. Rh3 d6
15. Bh2 Rae8 16. c3 Nc5 17. d4 Nb3+ 18. Kb1 Na5 19. Qg4 Qf6 20. Bd3 1/2-1/2

[Event "SR 2. liga A 2018/2019"]
[Site "?"]
[Date "2018.11.17"]
[Round "3.5"]
[White "Merva, Frantisek"]
[Black "Zetocha, Adrian"]
[Result "0-1"]
[WhiteElo "2088"]
[BlackElo "2171"]
[PlyCount "80"]
[EventDate "2018.??.??"]
[WhiteTeam "SK Senec"]
[BlackTeam "SK Slovan Bratislava E"]

1. d4 d5 2. Nf3 Nf6 3. e3 e6 4. Bd3 Be7 5. Nbd2 O-O 6. O-O b6 7. Qe2 c5 8. c3
Bb7 9. Ne5 Qc7 10. f4 Ne4 11. Rf3 f6 12. Ng4 f5 13. Ne5 cxd4 14. exd4 Nc6 15.
Nxc6 Bxc6 16. Rh3 Bd6 17. Nf3 Bxf4 18. Bxf4 Qxf4 19. Rf1 Be8 20. Bxe4 fxe4 21.
Nd2 Qd6 22. Rxf8+ Qxf8 23. Qf2 Qf5 24. Nf1 Qxf2+ 25. Kxf2 Bb5 26. Ne3 Bd3 27.
Ng4 Rf8+ 28. Ke3 Rf1 29. Ne5 Re1+ 30. Kf4 Re2 31. Nxd3 exd3 32. Rxd3 Rxg2 33.
h3 Kf7 34. Rg3 Rxb2 35. Ke5 Rxa2 36. Kd6 Rf2 37. Kc6 g6 38. Kd6 a5 39. Re3 a4
40. Rxe6 Rf6 0-1

[Event "SR 2. liga A 2018/2019"]
[Site "?"]
[Date "2018.11.17"]
[Round "3.6"]
[White "Vadila, Ondrej"]
[Black "Koval, Michal"]
[Result "1-0"]
[WhiteElo "2056"]
[BlackElo "2044"]
[PlyCount "59"]
[EventDate "2018.??.??"]
[WhiteTeam "SK Slovan Bratislava E"]
[BlackTeam "SK Senec"]

1. d4 d5 2. Bf4 c6 3. c3 e6 4. Nf3 Bd6 5. Bg3 Nf6 6. Nbd2 b6 7. e3 O-O 8. Bd3
c5 9. e4 Nh5 10. e5 Be7 11. Qe2 g6 12. h4 Nc6 13. Bh2 cxd4 14. Nxd4 Nxd4 15.
cxd4 Bxh4 16. g4 Ng7 17. Bf4 f5 18. O-O-O Rf7 19. Rdg1 g5 20. Bg3 Bxg3 21. Rxg3
Ne8 22. gxf5 exf5 23. Qh5 g4 24. f3 Qc7+ 25. Kb1 f4 26. Bxh7+ Kf8 27. Rxg4 Rxh7
28. Rxf4+ Kg8 29. Qxe8+ Kg7 30. Rg1+ 1-0

[Event "SR 2. liga A 2018/2019"]
[Site "?"]
[Date "2018.11.17"]
[Round "3.7"]
[White "Ujhelyi, Matus"]
[Black "Sulek, Viliam"]
[Result "1/2-1/2"]
[WhiteElo "1886"]
[BlackElo "2019"]
[PlyCount "76"]
[EventDate "2018.??.??"]
[WhiteTeam "SK Senec"]
[BlackTeam "SK Slovan Bratislava E"]

1. d4 Nf6 2. c4 g6 3. Nf3 Bg7 4. Nc3 d5 5. Bf4 O-O 6. e3 c5 7. Bxb8 Rxb8 8.
cxd5 Nxd5 9. Qb3 Nxc3 10. bxc3 cxd4 11. exd4 Be6 12. Bc4 Bxc4 13. Qxc4 Rc8 14.
Qb4 Qc7 15. O-O b6 16. Rac1 e6 17. c4 Rfd8 18. Qd2 Bxd4 19. Qc2 Bg7 20. Qb3 Qc5
21. h3 Bh6 22. Rcd1 Rxd1 23. Rxd1 Qxc4 24. Rd8+ Bf8 25. Qxc4 Rxc4 26. Ne5 Rc1+
27. Kh2 Kg7 28. Rd7 Kg8 29. Nxf7 a5 30. Ng5 Rc7 31. Rd8 Re7 32. Rb8 h6 33. Ne4
Rc7 34. Rxb6 Kg7 35. Ra6 Bb4 36. a3 Bxa3 37. Rxa5 Be7 38. f3 Rd7 1/2-1/2

[Event "SR 2. liga A 2018/2019"]
[Site "?"]
[Date "2018.11.17"]
[Round "3.8"]
[White "Cambel, Vladimir"]
[Black "Cibik, Jan"]
[Result "1/2-1/2"]
[WhiteElo "1956"]
[BlackElo "1852"]
[PlyCount "39"]
[EventDate "2018.??.??"]
[WhiteTeam "SK Slovan Bratislava E"]
[BlackTeam "SK Senec"]

1. d4 d5 2. Bf4 Nf6 3. e3 g6 4. Nc3 Bg7 5. Be2 O-O 6. Nf3 a6 7. Ne5 Ne4 8. Nxe4
dxe4 9. f3 exf3 10. Nxf3 c5 11. c3 Qb6 12. Qd2 Nd7 13. O-O cxd4 14. cxd4 Nf6
15. Bd3 Bd7 16. Rac1 Rac8 17. Kh1 Bb5 18. Ne5 Bxd3 19. Nxd3 Ne4 20. Qb4 1/2-1/2